[Event "SR 2. liga A 2008/2009"]
[Site "?"]
[Date "2008.12.07"]
[Round "6.2"]
[White "Varholakova, Niki"]
[Black "Varga, David"]
[Result "1-0"]
[WhiteElo "2191"]
[BlackElo "2270"]
[PlyCount "53"]
[EventDate "2008.??.??"]
[WhiteTeam "Slovakia"]
[BlackTeam "II"]
[WhiteTeamCountry "SVK"]
[BlackTeamCountry "SVK"]

1. e4 e6 2. d3 d5 3. Nd2 c5 4. g3 g6 5. Bg2 Bg7 6. Ngf3 Nc6 7. O-O Nge7 8. Re1
b6 9. h4 h6 10. c3 a5 11. Qc2 Ba6 12. exd5 Nxd5 13. Nc4 Qc7 14. a4 O-O-O 15.
Qb3 Kb7 16. Nfd2 Rhe8 17. Nb1 Bxc4 18. dxc4 Nde7 19. Be3 Kc8 20. Qb5 Nb8 21. b4
axb4 22. a5 bxa5 23. Rxa5 bxc3 24. Na3 Nec6 25. Ra8 Kd7 26. Bxc5 e5 27. Ra7 1-0

[Event "SR 2. liga A 2008/2009"]
[Site "?"]
[Date "2008.12.07"]
[Round "6.3"]
[White "Arendas, Marek"]
[Black "Mihalik, Marek"]
[Result "0-1"]
[WhiteElo "2109"]
[BlackElo "2098"]
[PlyCount "48"]
[EventDate "2008.??.??"]
[WhiteTeam "Slovakia"]
[BlackTeam "II"]
[WhiteTeamCountry "SVK"]
[BlackTeamCountry "SVK"]

1. e4 c5 2. Nc3 d6 3. g3 g6 4. Bg2 Bg7 5. d3 Nc6 6. Be3 Rb8 7. a4 e6 8. Qd2
Nge7 9. Nge2 O-O 10. Bh6 a6 11. h4 f6 12. Bxg7 Kxg7 13. Nd1 Nd4 14. Nxd4 cxd4
15. b4 e5 16. c3 Nc6 17. b5 dxc3 18. Nxc3 Nd4 19. Qb2 Be6 20. O-O Qa5 21. Rfb1
Qxc3 22. Qxc3 Ne2+ 23. Kf1 Nxc3 24. Rc1 Na2 0-1

[Event "SR 2. liga A 2008/2009"]
[Site "?"]
[Date "2008.12.07"]
[Round "6.3"]
[White "Janos, Jozef"]
[Black "Kleman, Miroslav"]
[Result "0-1"]
[WhiteElo "2244"]
[BlackElo "2204"]
[PlyCount "72"]
[EventDate "2008.??.??"]
[WhiteTeam "Slovakia"]
[BlackTeam "II"]
[WhiteTeamCountry "SVK"]
[BlackTeamCountry "SVK"]

1. e4 e5 2. Nf3 Nc6 3. Bb5 Nge7 4. O-O g6 5. c3 Bg7 6. d4 d6 7. d5 a6 8. Ba4 b5
9. Bc2 Nb8 10. a4 bxa4 11. Bxa4+ Nd7 12. b4 O-O 13. Bb3 h6 14. Nfd2 f5 15. f3
f4 16. Bc4 g5 17. g4 fxg3 18. hxg3 h5 19. Nb3 Ng6 20. Ra2 Nb6 21. Bd3 g4 22.
fxg4 Rxf1+ 23. Qxf1 Bxg4 24. Be2 Qd7 25. Bg5 Rf8 26. Qe1 Bxe2 27. Rxe2 Qg4 28.
Be3 Nc4 29. Bf2 Nf4 30. Ra2 h4 31. Ba7 hxg3 32. Na5 Nb6 33. Bxb6 cxb6 34. Nc6
Nh3+ 35. Kh1 Nf2+ 36. Kg1 Qf3 0-1

[Event "SR 2. liga A 2008/2009"]
[Site "?"]
[Date "2008.12.07"]
[Round "6.3"]
[White "Kovac, Andrej"]
[Black "Mydlarik, Martin"]
[Result "1-0"]
[WhiteElo "2038"]
[BlackElo "2124"]
[PlyCount "55"]
[EventDate "2008.??.??"]
[WhiteTeam "Slovakia"]
[BlackTeam "II"]
[WhiteTeamCountry "SVK"]
[BlackTeamCountry "SVK"]

1. d4 e6 2. e4 d5 3. Nc3 Bb4 4. e5 c5 5. a3 Bxc3+ 6. bxc3 Qc7 7. Nf3 Ne7 8. Bd3
Bd7 9. a4 c4 10. Be2 Qa5 11. Qd2 h6 12. Ba3 Nbc6 13. O-O O-O-O 14. Rfb1 g5 15.
Rb5 Qxa4 16. Rbb1 Ng6 17. Bd6 Qxa1 18. Rxa1 f5 19. exf6 Be8 20. Be7 Ngxe7 21.
fxe7 Rd7 22. Qe3 Rxe7 23. Ne5 b6 24. Nxc6 Bxc6 25. Qe5 Rhh7 26. Bg4 h5 27.
Bxe6+ Kb7 28. Qd6 1-0

[Event "SR 2. liga A 2008/2009"]
[Site "?"]
[Date "2008.12.07"]
[Round "6.3"]
[White "Petenyi, Tamas"]
[Black "Hartl, Jan"]
[Result "1/2-1/2"]
[WhiteElo "2251"]
[BlackElo "2161"]
[PlyCount "53"]
[EventDate "2008.??.??"]
[WhiteTeam "Slovakia"]
[BlackTeam "II"]
[WhiteTeamCountry "SVK"]
[BlackTeamCountry "SVK"]

1. e4 e5 2. Nf3 Nc6 3. Bb5 a6 4. Ba4 Nf6 5. O-O Be7 6. Re1 b5 7. Bb3 O-O 8. h3
d6 9. c3 Na5 10. Bc2 c5 11. d4 Nd7 12. Nbd2 cxd4 13. cxd4 Nc6 14. Nf1 Bf6 15.
Be3 g6 16. Rc1 Bb7 17. a3 Rc8 18. d5 Ncb8 19. b4 Nb6 20. N1d2 N8d7 21. Bd3 Qe7
22. Nb3 Rxc1 23. Qxc1 Rc8 24. Qa1 Qd8 25. Na5 Ba8 26. Be2 Na4 27. Rc1 1/2-1/2

[Event "SR 2. liga A 2008/2009"]
[Site "?"]
[Date "2008.12.07"]
[Round "6.3"]
[White "Sosovicka, Juraj"]
[Black "Gajarsky, Roman"]
[Result "1-0"]
[WhiteElo "2040"]
[BlackElo "1943"]
[PlyCount "55"]
[EventDate "2008.??.??"]
[WhiteTeam "Slovakia"]
[BlackTeam "II"]
[WhiteTeamCountry "SVK"]
[BlackTeamCountry "SVK"]

1. e4 e6 2. d4 d5 3. Nc3 Bb4 4. e5 c5 5. a3 Bxc3+ 6. bxc3 c4 7. Qg4 Kf8 8. a4
Nc6 9. Ba3+ Nge7 10. h4 Qa5 11. Kd2 f5 12. Qg5 h6 13. Qg3 Kf7 14. h5 Rg8 15.
Qh4 Qxa4 16. Be2 Qa5 17. Nh3 Qd8 18. Nf4 b5 19. Bc5 Qc7 20. Bd6 Qb7 21. Rhb1
Bd7 22. g4 a5 23. g5 hxg5 24. Qxg5 Rh8 25. Rg1 Rh7 26. h6 Rg8 27. Bh5+ Kf8 28.
Ng6+ 1-0

[Event "SR 2. liga A 2008/2009"]
[Site "?"]
[Date "2008.12.07"]
[Round "6.3"]
[White "Todor, Razvan"]
[Black "Cibicek, Jozef"]
[Result "1-0"]
[WhiteElo "2215"]
[BlackElo "2035"]
[PlyCount "83"]
[EventDate "2008.??.??"]
[WhiteTeam "Slovakia"]
[BlackTeam "II"]
[WhiteTeamCountry "SVK"]
[BlackTeamCountry "SVK"]

1. e4 c5 2. Nf3 d6 3. d4 cxd4 4. Nxd4 Nf6 5. Nc3 g6 6. Be2 Nc6 7. Nb3 Bg7 8.
O-O O-O 9. Bg5 h6 10. Bh4 Be6 11. f4 Qc8 12. Qd2 Rd8 13. f5 Bxb3 14. axb3 g5
15. Bf2 a6 16. Be3 Ne5 17. h4 g4 18. Bxh6 Bxh6 19. Qxh6 Rd7 20. Rf4 Qf8 21.
Qg5+ Qg7 22. Nd5 Nxd5 23. exd5 f6 24. Qxg7+ Kxg7 25. Bxg4 Rc7 26. Bd1 Kf7 27.
Raa4 Rc5 28. Rad4 Rg8 29. Kf2 Nd7 30. c3 Nb6 31. Bh5+ Kf8 32. Bf3 a5 33. g3 Rb5
34. b4 Nd7 35. Be2 Rb6 36. b5 Nc5 37. b4 axb4 38. cxb4 Nd7 39. Rc4 Ne5 40. Rc8+
Kf7 41. Rxg8 Kxg8 42. Re4 1-0

[Event "SR 2. liga A 2008/2009"]
[Site "?"]
[Date "2008.12.07"]
[Round "6.4"]
[White "Beles, Milan"]
[Black "Csiba, Dominik"]
[Result "0-1"]
[WhiteElo "2083"]
[BlackElo "2169"]
[PlyCount "82"]
[EventDate "2008.??.??"]
[WhiteTeam "Slovakia"]
[BlackTeam "II"]
[WhiteTeamCountry "SVK"]
[BlackTeamCountry "SVK"]

1. e4 c5 2. g3 d5 3. exd5 Qxd5 4. Nf3 Bg4 5. Bg2 Qe6+ 6. Kf1 Nc6 7. h3 Bh5 8.
d3 h6 9. Be3 Qd6 10. Nbd2 e5 11. Ne4 Qe6 12. Nxc5 Bxc5 13. Bxc5 O-O-O 14. g4
Bg6 15. Nh4 Bh7 16. Qe2 Nge7 17. Bxe7 Nd4 18. Qd2 Qxe7 19. Nf3 Nc6 20. Qc3 Kb8
21. Re1 Rhe8 22. Nd2 Nd4 23. Re3 Rc8 24. Nc4 f6 25. a4 Red8 26. b3 Ne6 27. Ke1
Nf4 28. Bf3 Bg8 29. Kd2 Bd5 30. Rhe1 Bxf3 31. Rxf3 Nd5 32. Qb2 Qb4+ 33. c3 Qc5
34. Kc1 Qc6 35. Rg3 b6 36. Qc2 a6 37. Kb2 b5 38. axb5 axb5 39. Na5 Qb6 40. b4
Rxc3 41. Qxc3 Nxc3 0-1

[Event "SR 2. liga A 2008/2009"]
[Site "?"]
[Date "2008.12.07"]
[Round "6.4"]
[White "Goga, Frantisek"]
[Black "Biro, Karol"]
[Result "0-1"]
[WhiteElo "1960"]
[BlackElo "2186"]
[PlyCount "64"]
[EventDate "2008.??.??"]
[WhiteTeam "Slovakia"]
[BlackTeam "II"]
[WhiteTeamCountry "SVK"]
[BlackTeamCountry "SVK"]

1. e4 e6 2. d4 d5 3. exd5 Qxd5 4. Nf3 a6 5. Bd3 Nf6 6. O-O c5 7. Nc3 Qd8 8. Bg5
cxd4 9. Nxd4 Be7 10. Nce2 Nbd7 11. c3 O-O 12. Ng3 Re8 13. Re1 Nf8 14. Qc2 Bd7
15. Rad1 Qa5 16. Bxf6 Bxf6 17. Nb3 Qc7 18. Qe2 g6 19. Ne4 Bg7 20. h4 Bc6 21. h5
Rad8 22. hxg6 hxg6 23. Bc2 Qf4 24. g3 Qe5 25. Nd4 Bd5 26. f4 Qc7 27. Nf3 Nd7
28. Neg5 Nf6 29. Ne5 Rf8 30. c4 Bc6 31. Rxd8 Qxd8 32. Nxc6 bxc6 0-1

[Event "SR 2. liga A 2008/2009"]
[Site "?"]
[Date "2008.12.07"]
[Round "6.4"]
[White "Kollarik, Gorazd"]
[Black "Pagerka, Martin"]
[Result "0-1"]
[WhiteElo "1941"]
[BlackElo "1998"]
[PlyCount "84"]
[EventDate "2008.??.??"]
[WhiteTeam "Slovakia"]
[BlackTeam "II"]
[WhiteTeamCountry "SVK"]
[BlackTeamCountry "SVK"]

1. e4 c5 2. Nf3 d6 3. d4 cxd4 4. Nxd4 Nf6 5. Nc3 a6 6. Bc4 e6 7. O-O Be7 8. Be3
b5 9. Bd3 Bb7 10. a3 O-O 11. Qe2 Nbd7 12. Nb3 Rc8 13. Rfd1 Ne5 14. f3 Qc7 15.
Bf2 Nc4 16. Bxc4 bxc4 17. Nd4 g6 18. Rd2 e5 19. Qe3 exd4 20. Qxd4 Ne8 21. Qb6
Qxb6 22. Bxb6 Nc7 23. Bxc7 Rxc7 24. Nd5 Bxd5 25. Rxd5 Rb8 26. Rc1 Rxb2 27. Ra5
Rc6 28. Kf2 Bf6 29. Ke3 Bc3 30. Rd5 Ra2 31. Rcd1 Rxa3 32. Ke2 Bb4 33. Rb1 a5
34. h3 Rc3 35. Rb2 Rb6 36. h4 Kf8 37. h5 Ke7 38. hxg6 hxg6 39. Rg5 Rb8 40. Rd5
Rh8 41. Rd1 Bc5 42. Kd2 Ra3 0-1

[Event "SR 2. liga A 2008/2009"]
[Site "?"]
[Date "2008.12.07"]
[Round "6.4"]
[White "Manak, Jozef"]
[Black "Bukovsky, Milan"]
[Result "1/2-1/2"]
[WhiteElo "2009"]
[BlackElo "2022"]
[PlyCount "35"]
[EventDate "2008.??.??"]
[WhiteTeam "Slovakia"]
[BlackTeam "II"]
[WhiteTeamCountry "SVK"]
[BlackTeamCountry "SVK"]

1. e4 e5 2. Nf3 Nc6 3. Bb5 g6 4. O-O Bg7 5. Nc3 a6 6. Ba4 d6 7. h3 Bd7 8. d3
Nge7 9. a3 O-O 10. Bb3 h6 11. Ne2 Kh7 12. d4 exd4 13. Nexd4 Nxd4 14. Nxd4 Nc6
15. Nxc6 bxc6 16. c3 Qh4 17. f4 Be6 18. Bxe6 1/2-1/2

[Event "SR 2. liga A 2008/2009"]
[Site "?"]
[Date "2008.12.07"]
[Round "6.4"]
[White "Polacik, Igor"]
[Black "Certek, Pavel"]
[Result "1-0"]
[WhiteElo "2194"]
[BlackElo "2216"]
[PlyCount "61"]
[EventDate "2008.??.??"]
[WhiteTeam "Slovakia"]
[BlackTeam "II"]
[WhiteTeamCountry "SVK"]
[BlackTeamCountry "SVK"]

1. e4 g6 2. Nf3 Bg7 3. c4 e5 4. d4 d6 5. Nc3 Nc6 6. dxe5 dxe5 7. Bg5 f6 8.
Qxd8+ Nxd8 9. Be3 c6 10. Nd2 Bh6 11. Bxh6 Nxh6 12. f3 Ne6 13. O-O-O Ke7 14. Nb3
Bd7 15. c5 b5 16. Rd2 a5 17. a4 b4 18. Nd1 f5 19. Ne3 fxe4 20. Nc4 e3 21. Nxe3
Nf5 22. Nxf5+ gxf5 23. Bc4 Nf4 24. Re1 Ng6 25. h4 h5 26. Rd6 Be8 27. Nd4 Rf8
28. Bd3 e4 29. fxe4 f4 30. Nf5+ Kf7 31. Bc4# 1-0

[Event "SR 2. liga A 2008/2009"]
[Site "?"]
[Date "2008.12.07"]
[Round "6.4"]
[White "Sustak, Roman"]
[Black "Macka, Oto"]
[Result "0-1"]
[WhiteElo "1975"]
[BlackElo "2057"]
[PlyCount "54"]
[EventDate "2008.??.??"]
[WhiteTeam "Slovakia"]
[BlackTeam "II"]
[WhiteTeamCountry "SVK"]
[BlackTeamCountry "SVK"]

1. Nf3 Nf6 2. g3 b6 3. Bg2 Bb7 4. O-O e6 5. c4 c5 6. Nc3 Be7 7. d3 O-O 8. a3 d5
9. cxd5 Nxd5 10. Bd2 Bf6 11. Rb1 Na6 12. Nxd5 exd5 13. Qc2 Qd7 14. e4 h6 15.
Rfe1 Nc7 16. e5 Be7 17. Re2 Ne6 18. d4 Rfc8 19. Qf5 Qb5 20. Bf1 Qa4 21. Qg4 Ba6
22. Bxh6 Bxe2 23. Bxe2 Qc2 24. Nd2 Kf8 25. Be3 cxd4 26. Bb5 dxe3 27. fxe3 Qxd2
0-1

[Event "SR 2. liga A 2008/2009"]
[Site "?"]
[Date "2008.12.07"]
[Round "6.5"]
[White "Bury, Rastislav"]
[Black "Soldan, Jan"]
[Result "1-0"]
[WhiteElo "2088"]
[BlackElo "1934"]
[PlyCount "49"]
[EventDate "2008.??.??"]
[WhiteTeam "Slovakia"]
[BlackTeam "II"]
[WhiteTeamCountry "SVK"]
[BlackTeamCountry "SVK"]

1. d4 Nf6 2. c4 g6 3. Nc3 Bg7 4. e4 d6 5. f3 O-O 6. Be3 Nbd7 7. Qd2 a5 8. Nge2
e5 9. d5 b6 10. g4 Nc5 11. Ng3 Bb7 12. h4 Qd7 13. h5 Bh8 14. Qh2 Rfd8 15. g5
Ne8 16. Bh3 Qe7 17. Bf5 gxf5 18. Nxf5 Qd7 19. g6 fxg6 20. hxg6 h5 21. Qxh5 Bg7
22. Qh7+ Kf8 23. Nxg7 Nf6 24. Qh8+ Ke7 25. Nf5+ 1-0

[Event "SR 2. liga A 2008/2009"]
[Site "?"]
[Date "2008.12.07"]
[Round "6.5"]
[White "Csiba, Peter"]
[Black "Michal, Silvio"]
[Result "1-0"]
[WhiteElo "2041"]
[BlackElo "2123"]
[PlyCount "67"]
[EventDate "2008.??.??"]
[WhiteTeam "Slovakia"]
[BlackTeam "II"]
[WhiteTeamCountry "SVK"]
[BlackTeamCountry "SVK"]

1. e4 Nf6 2. e5 Nd5 3. c4 Nb6 4. Nf3 d6 5. exd6 exd6 6. d4 Be7 7. Bd3 Bg4 8.
Be3 Nc6 9. Na3 Bf6 10. Nc2 a5 11. O-O O-O 12. b3 Re8 13. h3 Bh5 14. Kh1 d5 15.
c5 Nd7 16. Bb5 Na7 17. Bd3 Nf8 18. b4 axb4 19. Nxb4 Ne6 20. g4 Bg6 21. Bxg6
hxg6 22. Qb3 Nb5 23. Nc2 c6 24. a4 Nxc5 25. dxc5 Bxa1 26. Rxa1 Qf6 27. Kg2 Qc3
28. Qb1 Nc7 29. Bd4 Qd3 30. Qxb7 Ne6 31. Nce1 Nf4+ 32. Kh2 Rxe1 33. Qxa8+ Kh7
34. Ng5+ 1-0

[Event "SR 2. liga A 2008/2009"]
[Site "?"]
[Date "2008.12.07"]
[Round "6.5"]
[White "Mikulas, Dusan"]
[Black "Vychodil, Michal"]
[Result "1/2-1/2"]
[WhiteElo "2183"]
[BlackElo "2081"]
[PlyCount "82"]
[EventDate "2008.??.??"]
[WhiteTeam "Slovakia"]
[BlackTeam "II"]
[WhiteTeamCountry "SVK"]
[BlackTeamCountry "SVK"]

1. e4 d5 2. exd5 Qxd5 3. Nc3 Qa5 4. d4 c6 5. Bd2 Bf5 6. Bc4 e6 7. g4 Bg6 8. Nf3
Qc7 9. h4 h6 10. Ne5 Bh7 11. Bd3 Bxd3 12. Nxd3 Nd7 13. Qe2 O-O-O 14. O-O-O Ngf6
15. g5 Nd5 16. Ne4 e5 17. c4 N5b6 18. Ba5 c5 19. d5 Bd6 20. Nc3 Rde8 21. Qg4 a6
22. Na4 Kb8 23. Rhe1 Ka7 24. Kb1 hxg5 25. hxg5 f6 26. b4 Qc8 27. Nxb6 Nxb6 28.
Bxb6+ Kxb6 29. Qe2 cxb4 30. c5+ Bxc5 31. Rc1 Qf5 32. Rxc5 e4 33. Rc6+ bxc6 34.
Qe3+ Kb7 35. dxc6+ Kxc6 36. Qa7 exd3 37. Qxa6+ Kd7 38. Qb7+ Kd6 39. Qb6+ Kd7
40. Qb7+ Kd6 41. Qb6+ Kd7 1/2-1/2

[Event "SR 2. liga A 2008/2009"]
[Site "?"]
[Date "2008.12.07"]
[Round "6.5"]
[White "Petrik, Karol"]
[Black "Tomanek, Rafael"]
[Result "1-0"]
[WhiteElo "2167"]
[BlackElo "1979"]
[PlyCount "39"]
[EventDate "2008.??.??"]
[WhiteTeam "Slovakia"]
[BlackTeam "II"]
[WhiteTeamCountry "SVK"]
[BlackTeamCountry "SVK"]

1. e4 c6 2. c4 d5 3. exd5 cxd5 4. cxd5 Nf6 5. Nc3 Nxd5 6. Bc4 e6 7. Nf3 Be7 8.
O-O Nc6 9. d4 O-O 10. Bxd5 exd5 11. Qb3 Bf6 12. Nxd5 Bxd4 13. Bg5 Qd6 14. Bf4
Be5 15. Nxe5 Nxe5 16. Rae1 Be6 17. Rxe5 Rfe8 18. Rg5 Bxd5 19. Rxg7+ Kh8 20.
Rxh7+ 1-0

[Event "SR 2. liga A 2008/2009"]
[Site "?"]
[Date "2008.12.07"]
[Round "6.5"]
[White "Polasek, Filip"]
[Black "Racik, Marek"]
[Result "1-0"]
[WhiteElo "2096"]
[BlackElo "1932"]
[PlyCount "69"]
[EventDate "2008.??.??"]
[WhiteTeam "Slovakia"]
[BlackTeam "II"]
[WhiteTeamCountry "SVK"]
[BlackTeamCountry "SVK"]

1. e4 c5 2. Nf3 d6 3. d4 cxd4 4. Nxd4 Nf6 5. Nc3 g6 6. Be3 Bg7 7. f3 Nc6 8. Qd2
O-O 9. O-O-O Bd7 10. g4 a6 11. h4 b5 12. h5 Nxd4 13. Bxd4 Qa5 14. hxg6 fxg6 15.
Qh2 e5 16. Be3 Rf7 17. Rxd6 Qc7 18. Rd1 Be6 19. Bg5 Rc8 20. Nd5 Bxd5 21. exd5
Bf8 22. Bd3 e4 23. Bxe4 Nxe4 24. fxe4 Qc4 25. Kb1 Qxe4 26. d6 Qxg4 27. Qd2 Bxd6
28. Rhg1 Bg3 29. Qe3 Rf3 30. Qe7 Rf7 31. Rd8+ Rxd8 32. Qxd8+ Kg7 33. Bd2 Rd7
34. Bc3+ Kh6 35. Rh1+ 1-0

[Event "SR 2. liga A 2008/2009"]
[Site "?"]
[Date "2008.12.07"]
[Round "6.5"]
[White "Sturdik, Igor"]
[Black "Stepanovic, Branislav"]
[Result "1-0"]
[WhiteElo "2022"]
[BlackElo "2014"]
[PlyCount "112"]
[EventDate "2008.??.??"]
[WhiteTeam "Slovakia"]
[BlackTeam "II"]
[WhiteTeamCountry "SVK"]
[BlackTeamCountry "SVK"]

1. e4 c5 2. Nf3 a6 3. d4 cxd4 4. Nxd4 e5 5. Nf5 d5 6. Ng3 Nf6 7. Bg5 Qa5+ 8.
Qd2 Qxd2+ 9. Nxd2 Nxe4 10. Ndxe4 dxe4 11. Nxe4 f6 12. Nxf6+ gxf6 13. Bxf6 Rg8
14. Bxe5 Nc6 15. Bg3 Bh6 16. Bc4 Rg4 17. Bd3 Rg7 18. O-O Bd7 19. Rfe1+ Kd8 20.
Rad1 Kc8 21. Bd6 Bg5 22. c3 Be7 23. Bf4 h5 24. Be4 Bg4 25. f3 Bd7 26. Rd5 h4
27. Rh5 b5 28. Rh6 Kb7 29. Rd1 Be8 30. Be5 Bc5+ 31. Kf1 Re7 32. f4 Rc8 33. b4
Ba7 34. Rxh4 Bb8 35. Bf5 Rd8 36. Rxd8 Nxd8 37. Bxb8 Kxb8 38. g4 Bf7 39. Kf2
Bxa2 40. Rh3 Bc4 41. Re3 Rxe3 42. Kxe3 Kc7 43. Kd4 Kd6 44. h4 Nc6+ 45. Ke3 Ne7
46. Be4 Bd5 47. h5 Bf7 48. h6 Ng6 49. Bxg6 Bxg6 50. f5 Bh7 51. Kf4 Kd5 52. g5
Kc4 53. g6 Bg8 54. h7 Bxh7 55. gxh7 Kxc3 56. h8=Q+ Kxb4 1-0

[Event "SR 2. liga A 2008/2009"]
[Site "?"]
[Date "2008.12.07"]
[Round "6.6"]
[White "Barca, Michal"]
[Black "Hecko, Dusan"]
[Result "0-1"]
[WhiteElo "1783"]
[BlackElo "2160"]
[Annotator "Fritz 9 (20s)"]
[PlyCount "66"]
[EventDate "2008.??.??"]
[WhiteTeam "Slovakia"]
[BlackTeam "II"]
[WhiteTeamCountry "SVK"]
[BlackTeamCountry "SVK"]

{A29: English Opening: Four Knights Variation with 4 g3} 1. c4 e5 2. Nc3 Nf6 3.
Nf3 Nc6 4. g3 d6 5. d4 exd4 6. Nxd4 Bd7 7. Bg2 Be7 8. O-O O-O 9. e4 ({
kniz. Fritz} 9. b3 Nxd4 10. Qxd4 $11) 9... Re8 10. f4 Nxd4 (10... Qc8 11. a3
$11) 11. Qxd4 Bc6 12. Re1 {cierny ma stiesnenu poziciu} (12. Be3 a6 $14) 12...
Nd7 $11 13. Nd5 Bf8 (13... Bf6 $5 14. Qd3 Nc5 $11) 14. b4 b6 15. Bb2 a5 16. a3
Bb7 17. Ne3 $2 c5 $5 (17... axb4 18. axb4 Rxa1 19. Bxa1 $14) 18. bxc5 Nxc5 19.
Nf5 (19. Rad1 $5 $16) 19... f6 $14 (19... Ne6 $4 20. Nh6+ $18) 20. Rad1 Rb8 21.
g4 Qc7 22. g5 $2 (22. Nxd6 Bxd6 23. Qxd6 Qxd6 24. Rxd6 Bxe4 $14) 22... Ne6 23.
Qe3 $14 fxg5 24. fxg5 Qxc4 (24... Qc5 $142 $14) 25. Nh6+ $4 (25. Nxd6 $142 Bxd6
26. Rxd6 $16) 25... gxh6 $19 26. gxh6 Qc5 27. Bd4 Nxd4 28. Kh1 Ne6 29. Qd2 Qg5
30. Rg1 Qxd2 31. Bh3+ Qg5 32. Bxe6+ Rxe6 33. Rxg5+ Rg6 0-1

[Event "SR 2. liga A 2008/2009"]
[Site "?"]
[Date "2008.12.07"]
[Round "6.6"]
[White "Flak, Juraj"]
[Black "Slapak, Zdenek"]
[Result "1/2-1/2"]
[WhiteElo "2061"]
[BlackElo "2173"]
[PlyCount "139"]
[EventDate "2008.??.??"]
[WhiteTeam "Slovakia"]
[BlackTeam "II"]
[WhiteTeamCountry "SVK"]
[BlackTeamCountry "SVK"]

1. e4 e5 2. Nf3 Nc6 3. Bb5 a6 4. Ba4 Nf6 5. O-O Be7 6. Re1 b5 7. Bb3 O-O 8. h3
d6 9. c3 Na5 10. Bc2 c5 11. d4 cxd4 12. cxd4 Qc7 13. d5 Bd7 14. Nbd2 Rfc8 15.
Bd3 Nb7 16. Nb3 a5 17. Be3 a4 18. Rc1 Qd8 19. Nbd2 Rxc1 20. Qxc1 Rc8 21. Qd1
Nc5 22. Bb1 Qa5 23. Bxc5 Rxc5 24. Nf1 Qc7 25. Qd2 Qc8 26. Ng3 g6 27. Ne2 Nh5
28. Rc1 Nf4 29. Rxc5 Nxe2+ 30. Qxe2 Qxc5 31. Qc2 Qa7 32. Qc3 Bd8 33. Bd3 Bb6
34. Qc2 Kg7 35. Kf1 b4 36. Ne1 Bc5 37. f3 Qb7 38. b3 axb3 39. axb3 Ba7 40. Ke2
Qb6 41. Kd1 Qg1 42. Qe2 Bc5 43. Bc4 Qd4+ 44. Qd2 Qa1+ 45. Qc1 Qd4+ 46. Qd2 Qg1
47. Qe2 h5 48. Qd3 g5 49. Qe2 Kg6 50. Qd3 g4 51. hxg4 hxg4 52. Qf1 Qd4+ 53. Qd3
Qa1+ 54. Ke2 Qb2+ 55. Qd2 Qa1 56. Qd1 Qa7 57. Nd3 f5 58. Nxc5 Qxc5 59. Qc1 fxe4
60. fxe4 Qd4 61. Qe3 Qb2+ 62. Qd2 Qb1 63. Ke3 Qg1+ 64. Qf2 Qc1+ 65. Qd2 Qg1+
66. Qf2 Qa1 67. Qd2 Qa7+ 68. Kd3 Qd4+ 69. Kc2 Qc5 70. Kd3 1/2-1/2

[Event "SR 2. liga A 2008/2009"]
[Site "?"]
[Date "2008.12.07"]
[Round "6.6"]
[White "Gono, Michal"]
[Black "Krist, Milan"]
[Result "0-1"]
[WhiteElo "1854"]
[BlackElo "2046"]
[PlyCount "80"]
[EventDate "2008.??.??"]
[WhiteTeam "Slovakia"]
[BlackTeam "II"]
[WhiteTeamCountry "SVK"]
[BlackTeamCountry "SVK"]

1. d4 d5 2. Nf3 Nf6 3. c4 e6 4. Nc3 Be7 5. Bg5 h6 6. Bh4 O-O 7. e3 b6 8. Rc1
Bb7 9. cxd5 Nxd5 10. Bxe7 Qxe7 11. a3 Rc8 12. Be2 Nd7 13. O-O c5 14. Qd2 N7f6
15. dxc5 Nxc3 16. Rxc3 Ne4 17. Qc2 Nxc3 18. Qxc3 Qxc5 19. Qxc5 Rxc5 20. Nd4
Rac8 21. f4 Rc1 22. Kf2 Rxf1+ 23. Bxf1 Rc1 24. b4 Ra1 25. Nb5 Ba6 26. a4 Bxb5
27. axb5 Rb1 28. Be2 Rxb4 29. h3 Kf8 30. Kf3 Ke7 31. g4 Kd6 32. g5 Kc5 33. gxh6
gxh6 34. Kg4 Rxb5 35. Kh5 a5 36. Kxh6 a4 37. h4 a3 38. Kg7 Rb2 39. Bf3 a2 40.
h5 a1=Q 0-1

[Event "SR 2. liga A 2008/2009"]
[Site "?"]
[Date "2008.12.07"]
[Round "6.6"]
[White "Horvath, Marek"]
[Black "Chovanec, Vladimir"]
[Result "1/2-1/2"]
[WhiteElo "1839"]
[BlackElo "2083"]
[PlyCount "32"]
[EventDate "2008.??.??"]
[WhiteTeam "Slovakia"]
[BlackTeam "II"]
[WhiteTeamCountry "SVK"]
[BlackTeamCountry "SVK"]

1. e4 c5 2. Nf3 g6 3. d4 cxd4 4. Qxd4 Nf6 5. Bc4 Nc6 6. Qe3 d5 7. Bxd5 Nxd5 8.
exd5 Qxd5 9. Nc3 Qd8 10. O-O Bg7 11. Rd1 Bd7 12. Ne4 b6 13. Nd6+ Kf8 14. Nc4
Qc7 15. c3 Be6 16. Qe2 h6 1/2-1/2

[Event "SR 2. liga A 2008/2009"]
[Site "?"]
[Date "2008.12.07"]
[Round "6.6"]
[White "Michalko, Peter"]
[Black "Hazir, Svetozar"]
[Result "1/2-1/2"]
[WhiteElo "1782"]
[BlackElo "2143"]
[PlyCount "52"]
[EventDate "2008.??.??"]
[WhiteTeam "Slovakia"]
[BlackTeam "II"]
[WhiteTeamCountry "SVK"]
[BlackTeamCountry "SVK"]

1. e4 e5 2. Nf3 Nc6 3. Bb5 a6 4. Ba4 Nf6 5. O-O b5 6. Bb3 Be7 7. Re1 O-O 8. c3
d5 9. exd5 Nxd5 10. Nxe5 Nxe5 11. Rxe5 c6 12. Re1 Bd6 13. g3 Qf6 14. d4 Bh3 15.
Bc2 g6 16. Nd2 Qg7 17. Ne4 Bc7 18. Bd2 h6 19. f4 Rae8 20. Qf3 h5 21. Ng5 Bg4
22. Qf2 Bd7 23. Be4 Qf6 24. Bf3 Qf5 25. Be4 Qf6 26. Bf3 Qf5 1/2-1/2

[Event "SR 2. liga A 2008/2009"]
[Site "?"]
[Date "2008.12.07"]
[Round "6.6"]
[White "Syrovy, Ivan"]
[Black "Kolesar, Rastislav"]
[Result "1/2-1/2"]
[WhiteElo "2097"]
[BlackElo "1978"]
[PlyCount "53"]
[EventDate "2008.??.??"]
[WhiteTeam "Slovakia"]
[BlackTeam "II"]
[WhiteTeamCountry "SVK"]
[BlackTeamCountry "SVK"]

1. e4 c6 2. d4 d5 3. Nd2 dxe4 4. Nxe4 Bf5 5. Ng3 Bg6 6. h4 h6 7. Nf3 Nd7 8. h5
Bh7 9. Bd3 Bxd3 10. Qxd3 e6 11. Bf4 Qa5+ 12. Bd2 Bb4 13. c3 Be7 14. c4 Qc7 15.
O-O-O Ngf6 16. Kb1 O-O 17. Ne2 Ng4 18. Be3 Rfd8 19. Qc2 c5 20. Bf4 Qb6 21. Be3
Rac8 22. d5 exd5 23. cxd5 Nxe3 24. fxe3 c4 25. e4 Bf6 26. Nc3 Ne5 27. Nxe5
1/2-1/2

[Event "SR 2. liga A 2008/2009"]
[Site "?"]
[Date "2008.12.07"]
[Round "6.7"]
[White "Bebiak, Jozef"]
[Black "Zacik, Anton"]
[Result "1-0"]
[WhiteElo "2101"]
[BlackElo "2048"]
[PlyCount "87"]
[EventDate "2008.??.??"]
[WhiteTeam "Slovakia"]
[BlackTeam "II"]
[WhiteTeamCountry "SVK"]
[BlackTeamCountry "SVK"]

1. e4 c5 2. c3 d5 3. exd5 Qxd5 4. d4 Nc6 5. Nf3 cxd4 6. cxd4 e5 7. Nc3 Bb4 8.
Bd2 Bxc3 9. Bxc3 e4 10. Ne5 Nxe5 11. dxe5 Qxd1+ 12. Rxd1 a6 13. Bc4 Ne7 14. O-O
Nc6 15. Rfe1 Bf5 16. Bd5 O-O 17. Bxe4 Bxe4 18. Rxe4 Rad8 19. Rde1 Rfe8 20. f4
g6 21. g4 Rd3 22. R4e3 Red8 23. Kf2 b5 24. a3 a5 25. Rxd3 Rxd3 26. Re3 Rd5 27.
Re4 Rc5 28. Ke3 b4 29. axb4 axb4 30. Bxb4 Rc2 31. Bc3 Rxh2 32. Ra4 Kf8 33. Ra6
Nd8 34. f5 Rh3+ 35. Kf4 gxf5 36. gxf5 Rd3 37. Ke4 Rd1 38. Ra8 Ke7 39. Ra7+ Ke8
40. Ra6 h5 41. Rh6 Rh1 42. Kf4 Rf1+ 43. Kg5 f6+ 44. Kxf6 1-0

[Event "SR 2. liga A 2008/2009"]
[Site "?"]
[Date "2008.12.07"]
[Round "6.7"]
[White "Kolman, Richard"]
[Black "Hricak, Vasil"]
[Result "1-0"]
[WhiteElo "2110"]
[BlackElo "2046"]
[PlyCount "57"]
[EventDate "2008.??.??"]
[WhiteTeam "Slovakia"]
[BlackTeam "II"]
[WhiteTeamCountry "SVK"]
[BlackTeamCountry "SVK"]

1. d4 d5 2. Nf3 Nf6 3. Bg5 e6 4. Nbd2 Be7 5. e3 O-O 6. Bd3 b6 7. Ne5 Bb7 8. Qf3
c5 9. O-O Nc6 10. c3 Nxe5 11. dxe5 Nd7 12. Qh3 g6 13. Bh6 Re8 14. f4 Bf8 15.
Nf3 Bxh6 16. Qxh6 Qe7 17. Ng5 f6 18. exf6 Nxf6 19. Rf3 Qg7 20. Qh3 Bc8 21. Qh4
a6 22. Nxh7 Nxh7 23. Bxg6 Re7 24. Rg3 Kf8 25. Rf1 Raa7 26. f5 exf5 27. Bxf5
Bxf5 28. Rxf5+ Qf7 29. Qxh7 1-0